Statistics for Oldest Countries Bordering Each Other

Click here to take the quiz!

General Stats

  • This quiz has been taken 1,484 times
  • The average score is 19 of 22

Answer Stats

Country% Correct
France
98%
Germany
98%
Italy
98%
Austria
96%
Switzerland
96%
San Marino
94%
Spain
94%
Denmark
93%
Hungary
93%
Netherlands
93%
Czech Republic
92%
Greece
92%
Slovenia
92%
Croatia
91%
Liechtenstein
91%
Serbia
90%
Andorra
89%
Bulgaria
89%
Monaco
88%
Estonia
57%
Latvia
57%
Lithuania
57%

Score Distribution

Percentile by Number Answered

Percent of People with Each Score

Your Score History

You have not taken this quiz